Central Library OPAC University of Rajshahi

Malaysia : (Record no. 58219)

MARC details
000 -LEADER
fixed length control field 00893nam a2200265 a 4500
001 - CONTROL NUMBER
control field 58219
003 - CONTROL NUMBER IDENTIFIER
rucl marc code BD-RjUL
005 - DATE AND TIME OF LATEST TRANSACTION
control field 20211209080610.0
008 - FIXED-LENGTH DATA ELEMENTS--GENERAL INFORMATION
fixed length control field 161217s2000 ii b 001 0 eng d
020 ## - INTERNATIONAL STANDARD BOOK NUMBER
International Standard Book Number 8171009344
035 ## - SYSTEM CONTROL NUMBER
System control number (BD-RjUL)58343
040 ## - CATALOGING SOURCE
Original cataloging agency BD-RjUL
Language of cataloging eng
Transcribing agency BD-RjUL
Modifying agency BD-RjUL
041 ## - LANGUAGE CODE
Language code of text/sound track or separate title eng
082 ## - DEWEY DECIMAL CLASSIFICATION NUMBER
Edition number 23
Classification number 320.9595
Author mark and year MAL 2000
245 00 - TITLE STATEMENT
Title Malaysia :
Remainder of title government and politics /
Statement of responsibility, etc. edited by Verinder Grover.
260 ## - PUBLICATION, DISTRIBUTION, ETC. (IMPRINT)
Place of publication, distribution, etc. New Delhi :
Name of publisher, distributor, etc. Deep & Deep Publications,
Date of publication, distribution, etc. c2000.
300 ## - PHYSICAL DESCRIPTION
Pagination xii, 723 p. ;
Size 23 cm.
490 ## - SERIES STATEMENT
Series statement Government and politics of Asian countries ;
Volume/sequential designation 8
504 ## - BIBLIOGRAPHY, ETC. NOTE
Bibliography, etc Includes index and bibliography
651 #0 - SUBJECT ADDED ENTRY--GEOGRAPHIC NAME
Geographic name Malaysia
General subdivision Politics and government.
9 (RLIN) 172937
Geographic name Malaysia
General subdivision Foreign economic relations.
9 (RLIN) 172938
700 10 - ADDED ENTRY--PERSONAL NAME
Personal name Grover, Verinder.
830 #0 - SERIES ADDED ENTRY--UNIFORM TITLE
Uniform title Government and politics of Asian countries ;
Volume number/sequential designation 8
942 ## - ADDED ENTRY ELEMENTS (KOHA)
Source of classification or shelving scheme Dewey Decimal Classification
Koha item type Books
Holdings
Lost status Source of classification or shelving scheme Damaged status Not for loan Collection code Permanent Location Current Location Shelving location Date acquired Source of acquisition Cost, normal purchase price Total Checkouts Full call number Date last seen Copy number Koha item type
  Dewey Decimal Classification   Not For Loan Non-fiction Central Library, University of Rajshahi Central Library, University of Rajshahi Reading Room 27/04/2006 Paragon ent. ltd., Dhaka 1500.00   320.9595 MAL 2000 17/12/2016 C-1 Books